| 000 | 00568nam a22002057a 4500 | ||
|---|---|---|---|
| 003 | OSt | ||
| 005 | 20140310182909.0 | ||
| 008 | 130128t xxu||||| |||| 00| 0 eng d | ||
| 020 | _a9789719476719 | ||
| 050 |
_aDS675 _b.V443 2010 |
||
| 082 |
_aF899.21 _b.V54 2010 |
||
| 245 |
_aReturn from oblivion : _bselected poems to Jose Rizal / _cVeloso, Alfredo S. |
||
| 260 |
_aManila : _bOld Gold Publishing, _c2010 |
||
| 300 |
_a191 p. ; _c23 cm. |
||
| 521 | _acollege students | ||
| 526 | _c1210L-1700L | ||
| 541 | _j1 | ||
| 562 | _e1 | ||
| 942 |
_2lcc _cBK _kFIL |
||
| 999 |
_c17201 _d17201 |
||